| 000 | 00000nas 2200000za 4500 |
| 001 | 9.862416 |
| 003 | CaOODSP |
| 005 | 20221107161018 |
| 007 | cr ||||||||||| |
| 008 | 180926d19571982oncar p oss f000#a0eng|d |
| 022 | |y0380-6294 |
| 040 | |aCaOODSP|beng |
| 041 | |aeng|afre |
| 043 | |an-cn--- |
| 086 | 1 |aCS63-207-PDF |
| 245 | 00|aMotion picture theatres and film distributors |h[electronic resource]. |
| 246 | 13|aCinémas et distributeurs de films |f1967- |
| 260 | |aOttawa : |bDominion Bureau of Statistics, Industry and Merchandising Division, |c1959-[1984?] |
| 310 | |aAnnual |
| 362 | 0 |a1957- |
| 362 | 1 |aCeased with 1982 issue. |
| 500 | |aParallel title, 1967- : Cinémas et distributeurs de films. |
| 500 | |aDigitized edition from print [produced by Statistics Canada]. |
| 515 | |aIssue for 1957 called also v. 3, pt. 3-R-1 |
| 515 | |aIssue for 1971 not published |
| 546 | |aText in English only, 1957-1966; text in English and French, 1967-1982. |
| 550 | |aIssued 1961-1969 by Merchandising and Services Division; 1970-1977, by Statistics Canada, Merchandising and Services Division; 1978- , by Service Trade Section. |
| 580 | |aContinues: Motion picture theatres, exhibitors and distributors. |
| 692 | 07|2gccst|aFilm industry |
| 710 | 1 |aCanada. |bDominion Bureau of Statistics. |bIndustry and Merchandising Division. |
| 710 | 1 |aCanada. |bDominion Bureau of Statistics. |bMerchandising and Services Division. |
| 710 | 2 |aStatistics Canada.|bMerchandising and Services Division. |
| 710 | 2 |aStatistics Canada.|bService Trades Section. |
| 780 | 00|tMotion picture theatres, exhibitors and distributors |w(CaOODSP)9.862419 |
| 792 | |tMotion picture theatres and film distributors |efre|w(CaOODSP)9.862417 |